[Event "AUTO-INT-1568"]
[Site "http://www.queenalice.com/game.php?id=779953"]
[Date "2010.5.24"]
[Round "2"]
[White "forki"]
[Black "Liesel"]
[Result "0-1"]
[WhiteElo "1669"]
[BlackElo "1792"]

1. e4 e5 2. f4 d6 3. Nf3 Nc6 4. c3 Nf6 5. Bc4 Nxe4 6. Bxf7+ Kxf7 7. O-O exf4 8.
Qb3+ Ke8 9. d3 Nc5 10. Qd1 g5 11. Re1+ Be6 12. d4 g4 13. dxc5 gxf3 14. Rxe6+ Be7
15. Qxf3 dxc5 16. Bxf4 Qd7 17. Qh5+ Kd8 18. Re1 Kc8 19. Na3 a6 20. Rad1 Bd6 21.
Bxd6 cxd6 22. Nc4 Qg7 23. Nxd6+ Kc7 0-1

[Event "AUTO-INT-1568"]
[Site "http://www.queenalice.com/game.php?id=779954"]
[Date "2010.5.24"]
[Round "2"]
[White "Liesel"]
[Black "forki"]
[Result "1-0"]
[WhiteElo "1780"]
[BlackElo "1681"]

1. e4 e5 2. Nf3 Nc6 3. Bc4 Nf6 4. Nc3 Be7 5. d4 d6 6. O-O O-O 7. dxe5 dxe5 8.
Bg5 Be6 9. Bxe6 fxe6 10. Nb5 h6 11. Bh4 a6 12. Qxd8 Bxd8 13. Nc3 Be7 14. Bg3 Nd7
15. Rad1 Rad8 16. Rd2 Nc5 17. Rxd8 Nxd8 18. Nxe5 Bd6 19. Ng6 Rf7 20. Bxd6 cxd6
21. e5 dxe5 22. Nxe5 Rf5 23. Nf3 1-0

[Event "Challenge"]
[Site "http://www.queenalice.com/game.php?id=784826"]
[Date "2010.6.3"]
[Round "-"]
[White "danielgarciasilva"]
[Black "forki"]
[Result "1-0"]
[WhiteElo "1232"]
[BlackElo "1691"]

1. e4 e5 2. Nf3 Nc6 3. Bb5 a6 4. Bxc6 dxc6 5. Nxe5 Qe7 6. f4 f6 7. Qh5+ Kd8 8.
Nf7+ Kd7 9. Nxh8 Qxe4+ 10. Qe2 Qxe2+ 11. Kxe2 Nh6 12. d3 Bc5 13. Nc3 Ke6 14. Re1
Ke7 15. Kd1+ Be6 16. g4 Nxg4 17. f5 Rxh8 18. Rxe6+ Kf7 19. Bf4 Re8 20. Rxe8 Kxe8
21. Bxc7 Ne3+ 22. Kd2 Nxf5 23. Rf1 Nd4 24. Bg3 g5 25. Rxf6 b5 26. Rh6 b4 27. Ne4
Ne6 28. Rxe6+ Kf7 29. Nxc5 a5 30. Rxc6 b3 31. cxb3 Ke7 32. d4 1-0

[Event "AUTO-INT-1559"]
[Site "http://www.queenalice.com/game.php?id=787626"]
[Date "2010.6.9"]
[Round "2"]
[White "faver_154"]
[Black "forki"]
[Result "1-0"]
[WhiteElo "1869"]
[BlackElo "1589"]

1. e4 e5 2. Nf3 Nf6 3. Nc3 Bb4 4. d3 d6 5. a3 Bxc3+ 6. bxc3 a6 7. Be2 O-O 8. O-O
Nbd7 9. Re1 Ne8 10. d4 b5 11. c4 c6 12. dxe5 Nxe5 13. Nxe5 Qf6 14. Bb2 1-0

[Event "AUTO-INT-1559"]
[Site "http://www.queenalice.com/game.php?id=787627"]
[Date "2010.6.9"]
[Round "2"]
[White "forki"]
[Black "faver_154"]
[Result "0-1"]
[WhiteElo "1594"]
[BlackElo "1864"]

1. e4 c5 2. c3 e6 3. d4 d5 4. e5 Nc6 5. Nf3 Bd7 6. Be2 Nge7 7. O-O c4 8. Bg5 h6
9. Bc1 Nf5 10. a4 a5 11. b3 cxb3 12. Qxb3 b6 13. Ba3 Be7 14. Bxe7 Ncxe7 15. Na3
O-O 0-1

[Event "AUTO-INT-1559"]
[Site "http://www.queenalice.com/game.php?id=787628"]
[Date "2010.6.9"]
[Round "2"]
[White "rodriguesr"]
[Black "forki"]
[Result "1-0"]
[WhiteElo "2156"]
[BlackElo "1748"]

1. d4 d5 2. c4 Nf6 3. Nc3 g6 4. Nf3 Bg7 5. e3 Bg4 6. Be2 O-O 7. O-O a6 8. Qb3
Nc6 9. cxd5 Na5 10. Qa4 b6 11. b4 Bxf3 12. bxa5 Bxe2 13. Nxe2 b5 14. Qb3 Qxd5
15. Ba3 Qxb3 16. axb3 Rfe8 17. Rac1 Rac8 18. Rc6 Ne4 19. Bb4 e5 20. d5 Red8 21.
f3 Nf6 22. e4 Nh5 23. Rfc1 Rd7 24. Rxa6 Bf8 25. Bxf8 Kxf8 26. b4 Ke7 27. g3 Nf6
28. Rc5 Rd6 29. Ra7 Ne8 30. Nc3 Rf6 31. Kf2 Nd6 32. Raxc7+ Rxc7 33. Rxc7+ Kd8
34. Rc6 Kd7 35. a6 Nxe4+ 36. Nxe4 Rxc6 37. dxc6+ Kxc6 38. Ke3 Kb6 39. Nc5 f5 40.
Nd7+ Kxa6 41. Nxe5 1-0

[Event "AUTO-INT-1559"]
[Site "http://www.queenalice.com/game.php?id=787629"]
[Date "2010.6.9"]
[Round "2"]
[White "forki"]
[Black "rodriguesr"]
[Result "0-1"]
[WhiteElo "1746"]
[BlackElo "2157"]

1. e4 c5 2. Nf3 d6 3. d4 cxd4 4. Qxd4 e5 5. Qd1 Nf6 6. Bd3 Be7 7. Nc3 O-O 8. O-O
a6 9. Bd2 Nbd7 10. b4 b5 11. a4 bxa4 12. Nxa4 Bb7 13. Nc3 Rc8 14. Ra3 Qb6 15.
Na4 Qc6 16. Re1 Nb6 17. c3 Rfe8 18. Nb2 Nbd7 19. Qe2 Bf8 20. Nc4 Ra8 21. Na5 Qc7
22. Be3 Bxe4 23. Bxe4 Nxe4 24. Qc4 Qxc4 25. Nxc4 Ndf6 26. Nfd2 Nxd2 27. Bxd2
Reb8 28. Na5 Rc8 29. Rea1 Nd5 30. c4 Nb6 31. Rc3 d5 32. c5 d4 33. Rg3 Nd5 34.
Re1 f6 0-1

[Event "Challenge"]
[Site "http://www.queenalice.com/game.php?id=788873"]
[Date "2010.6.12"]
[Round "-"]
[White "Branca"]
[Black "forki"]
[Result "0-1"]
[WhiteElo "1068"]
[BlackElo "1700"]

1. e4 e5 2. c3 d5 3. g3 Be6 4. f4 dxe4 5. b4 exf4 6. Ne2 Bg4 7. h3 Bxe2 8. Qxe2
f5 9. b5 fxg3 10. Ba3 Bxa3 11. Nxa3 Qh4 12. d3 g2+ 13. Qf2 Qxf2+ 14. Kxf2 gxh1=Q
15. Nb1 Qf3+ 16. Ke1 e3 17. a3 Qg3+ 18. Ke2 Nd7 19. c4 Nc5 20. Nc3 Qf2+ 21. Kd1
Qd2# 0-1

[Event "Challenge"]
[Site "http://www.queenalice.com/game.php?id=791807"]
[Date "2010.6.18"]
[Round "-"]
[White "forki"]
[Black "danielgarciasilva"]
[Result "0-1"]
[WhiteElo "1610"]
[BlackElo "1601"]

1. e4 e5 2. f4 f6 3. f5 Bc5 4. Qh5+ Ke7 5. Bc4 Qe8 6. Qg4 g6 7. Nf3 d6 8. Nc3 c6
9. d3 g5 10. Bd2 Nh6 11. Qg3 Qd8 12. Nxg5 Qb6 13. Nf3 Qxb2 14. Bxh6 Qxc3+ 15.
Ke2 Qxc2+ 16. Nd2 Kd8 17. Bg7 Re8 18. Bxf6+ Kc7 19. Qg7+ Bd7 20. Be6 Bb4 21.
Rhd1 c5 22. Bf7 Rc8 23. Bg5 Nc6 24. Be6 Nd4+ 25. Ke3 Qa4 26. Nc4 Nxe6 27. fxe6
Rg8 28. Qxh7 Rxg5 29. Rf1 Bc3 30. exd7 Qxd7 31. Rf7 Rd8 32. Rxd7+ Rxd7 33. Qh3
Bxa1 34. g3 Bd4+ 35. Kd2 Rgg7 36. Ne3 Bxe3+ 37. Kxe3 Rgf7 38. g4 Rd8 39. g5 Rdf8
0-1

[Event "AUTO-ADV-1561"]
[Site "http://www.queenalice.com/game.php?id=795681"]
[Date "2010.6.27"]
[Round "2"]
[White "forki"]
[Black "stoyan1"]
[Result "0-1"]
[WhiteElo "1715"]
[BlackElo "1833"]

1. e4 e5 2. Nf3 d6 3. d4 Bg4 4. Bc4 exd4 5. Bxf7+ Kxf7 6. Ng5+ Qxg5 7. Bxg5 Bxd1
8. Kxd1 h6 9. Bd2 g6 10. f4 Ne7 11. Be1 Bg7 12. Rf1 Rf8 13. Nd2 Kg8 14. Bh4 Nbc6
15. Nc4 g5 16. Bg3 b5 17. Nd2 Ng6 18. f5 Nge5 19. a4 a6 20. Ke2 Bf6 21. Nb3 Nc4
22. Rab1 bxa4 0-1

[Event "AUTO-ADV-1561"]
[Site "http://www.queenalice.com/game.php?id=795682"]
[Date "2010.6.27"]
[Round "2"]
[White "stoyan1"]
[Black "forki"]
[Result "1-0"]
[WhiteElo "1821"]
[BlackElo "1727"]

1. e4 e5 2. Nf3 Nf6 3. Nxe5 Nxe4 4. Qe2 d5 5. d3 Qd6 6. Nf3 Be6 7. dxe4 Qb4+ 8.
c3 Qd6 9. Qb5+ Bd7 10. Qxb7 Bc6 11. Qc8+ Ke7 12. e5 Qd7 13. Ba6 Qxc8 14. Bxc8 g6
15. Nd4 Bg7 16. Nxc6+ Nxc6 17. Bg5+ Kf8 18. Bb7 Re8 19. Bxc6 Rxe5+ 20. Be3 Bh6
21. O-O Rh5 22. Bxh6+ 1-0

[Event "AUTO-ADV-1561"]
[Site "http://www.queenalice.com/game.php?id=795683"]
[Date "2010.6.27"]
[Round "2"]
[White "forki"]
[Black "JMRNETO"]
[Result "0-1"]
[WhiteElo "1754"]
[BlackElo "2007"]

1. e4 e5 2. Nf3 Nc6 3. Bb5 Nd4 4. Nxd4 exd4 5. O-O c6 6. Bc4 Bc5 7. Qh5 d5 8.
Bd3 Nf6 9. Qe2 dxe4 10. c3 O-O 11. cxd4 exd3 12. Qxd3 Qxd4 13. Qg3 Ng4 14. Nc3
Bd6 15. Qf3 Bxh2+ 16. Kh1 Bd6 17. d3 Ne3 18. Qxe3 Qh4+ 0-1

[Event "AUTO-ADV-1561"]
[Site "http://www.queenalice.com/game.php?id=795684"]
[Date "2010.6.27"]
[Round "2"]
[White "JMRNETO"]
[Black "forki"]
[Result "1-0"]
[WhiteElo "1975"]
[BlackElo "1627"]

1. e4 e5 2. Nf3 Nf6 3. Nc3 Nc6 4. Bb5 d6 5. d3 Bd7 6. Bg5 Be7 7. Qd2 Nh5 8. Nd5
f6 9. Nxe7 Qxe7 10. Be3 Nd4 11. Bxd7+ Qxd7 12. Nxd4 O-O-O 13. Nf3 Qg4 14. O-O f5
15. Qe2 f4 16. Bd2 g5 17. h3 Qe6 18. Nxg5 Qg6 19. Qg4+ Rd7 20. Bc3 1-0

[Event "AUTO-ADV-1580"]
[Site "http://www.queenalice.com/game.php?id=806518"]
[Date "2010.7.21"]
[Round "3"]
[White "forki"]
[Black "Artking"]
[Result "0-1"]
[WhiteElo "1695"]
[BlackElo "1884"]

1. e4 c5 2. c3 Nc6 3. d4 cxd4 4. cxd4 d6 5. Nf3 Nf6 6. Bd3 e6 7. O-O Ng4 8. h3
Nh6 9. Bxh6 gxh6 10. Nc3 Rg8 0-1